000 01206nam a2200253Ia 4500
999 _c49372
_d49372
001 16289
003 GE_BSU
005 20250618125541.0
008 181216s2013||||ge |||||||||||||| ||geo||
020 _a 9789941051999
040 _cGE_BSU
041 _ageo
080 _a339.543:34(100)(042.4) ხ-25
100 _aხარაზი, ია
_921042
245 _aსაერთაშორისო საბაჟო სამართალი /
_cია ხარაზი; სამეცნ. რედ. დავით გეფერიძე; საქ. დავით აღმაშენებლის სახ. უნ-ტი.
250 _aმე-2 გადამუშავებული გამოცემა
264 _aთბილისი :
_bგეორგიკა,
_c2013.
300 _a588 გვ. ;
_b20 სმ.
541 _h30ლ.
653 _aსაერთაშორისო საბაჟო სამართალი
700 _aგეფერიძე, დავით
_eსამეცნ. რედ.
_92831
710 _aსაქ. დავით აღმაშენებლის სახ. უნ-ტი.
_92956
942 _cBK
_2udc